Logos de marques britanniques - Statistiques

Statistiques générales
  • Ce quiz a été pris 1 751 fois
  • Le résultat moyen est 13 sur 18
Statistiques - réponses
Par images Hint Réponse % Correct
Boisson Lipton
98%
Alimentaire Twix
98%
Automobile Jaguar
97%
Énergie Schell
93%
Automobile Mini
92%
Automobile Aston Martin
90%
Média BBC
89%
Compagnie aérienne easyJet
88%
Automobile Rolls Royce
84%
Automobile Bentley
83%
Produit ménager Ariel
72%
Tournoi sportif Wimbledon
68%
Mode Burberry
63%
Énergie BP
54%
Agroalimentaire Unilever
52%
Télécommunication Vodafone
46%
Finance Barclays
21%
Boisson Johnnie Walker
14%
Aucun quiz correspondant
Distribution des résultats
% des personnes avec chaque résultat
Percentile par nombre de réponses
Votre historique - résultats
Vous n’avez pas pris ce quiz